[Event "Airthings Masters MCCT Prel 2022"]
[Site "Online"]
[Date "2022.02.13"]
[Round "1.1"]
[White "Carlsen, Magnus"]
[Black "Artemiev, Vladislav"]
[Result "1-0"]
[WhiteElo "2865"]
[BlackElo "2700"]
[Annotator "TA"]
[PlyCount "83"]
[EventDate "2022.02.18"]
[EventType "tourn"]
[EventCountry "NET"]
[SourceTitle "playchess.com"]
[Source "ChessBase"]
[SourceQuality "1"]

{[%evp 16,83,0,0,0,0,6,0,0,0,0,0,0,0,0,0,0,0,-1,-54,0,0,0,0,0,0,0,0,0,0,0,0,0,
0,0,0,0,0,1,1,1,1,1,0,0,0,0,0,0,0,0,0,0,0,0,0,176,176,29979,29980,29980,29981,
29986,29983,29994,29995,29995,29996,29998,29999]} 1. g3 Nf6 2. Bg2 d5 3. Nf3 g6
4. O-O Bg7 5. c4 dxc4 6. Na3 O-O 7. Nxc4 c5 8. b3 $5 {[%mdl 4] An interesting
side line.} Nc6 9. Bb2 Be6 {A09: Réti Opening: 1 Nf3 d5 2 c4.} 10. Rc1 Rc8 11.
d3 b6 {The position is equal.} 12. Qd2 {[#]} Qd7 $146 ({Predecessor:} 12... h6
13. Rfd1 Kh7 14. e3 b5 15. Na3 Qb6 16. Qe2 a6 17. d4 cxd4 18. Nxd4 Nxd4 19.
Bxd4 {½-½ (77) Rubzova,T (2240)-Aslanian,L (2165) Azov 1991}) 13. Rfd1 Rfd8
14. Nfe5 Nxe5 15. Nxe5 Qd6 16. b4 Nd7 ({Don't play} 16... cxb4 17. Nc6 $14) 17.
Nxd7 (17. bxc5 $11 Nxc5 18. Nc4) 17... Bxb2 ({Better is} 17... cxb4 $15 18.
Bxg7 Kxg7) 18. Qxb2 $11 {[#] aiming for Ne5.} Bxd7 19. bxc5 Rxc5 20. Rxc5 Qxc5
21. Rc1 Qd6 22. h4 Rc8 23. Rxc8+ Bxc8 24. d4 Bd7 25. e4 f6 26. f4 e5 27. fxe5
fxe5 28. d5 a5 29. Kh2 b5 30. Bh3 Bxh3 31. Kxh3 {[%mdl 4096] Endgame KQ-KQ} b4
32. Qc2 Qd7+ 33. Kg2 Kf7 34. Qf2+ Kg7 35. Qc5 Qg4 $2 (35... Qa4 $1 $11 {
and Black has nothing to worry.}) 36. Qe7+ $18 ({And not} 36. Qxa5 Qxe4+ 37.
Kh2 Qd4 $11) 36... Kh6 $2 {[#]} (36... Kg8 $18) 37. Qf8+ {White mates.} Kh5 38.
Qf3 a4 39. d6 b3 40. Qxg4+ Kxg4 41. d7 bxa2 42. d8=Q {Weighted Error Value:
White=0.04 (flawless) /Black=0.25 (precise)} 1-0

[Event "Airthings Masters MCCT Prel 2022"]
[Site "Online"]
[Date "2022.02.13"]
[Round "1.2"]
[White "Abdusattorov, Nodirbek"]
[Black "Giri, Anish"]
[Result "1/2-1/2"]
[WhiteElo "2651"]
[BlackElo "2772"]
[Annotator "TA"]
[PlyCount "66"]
[EventDate "2022.02.18"]
[EventType "tourn"]
[EventCountry "NET"]
[SourceTitle "playchess.com"]
[Source "ChessBase"]
[SourceQuality "1"]

{[%evp 9,66,0,0,-2,3,19,12,0,0,0,12,9,9,11,8,6,20,20,20,31,20,16,21,6,6,0,9,0,
6,-9,0,-6,-5,-36,-33,-43,-37,-35,-42,-40,0,0,16,0,0,0,0,0,0,0,0,0,0,0,0,0,0,0,
0]} 1. c4 Nf6 2. Nc3 e5 3. Nf3 Nc6 4. e4 Bb4 5. d3 d6 6. a3 {A28: English
Opening: Four Knights Variation.} Bc5 {[%cal Bb4c5,Bc5b6,Bb6d4][%mdl 32]} 7. b4
Bb6 8. Na4 Bd4 $1 {The main line 8...Bd4 scores better than 8...Bg4.} 9. Rb1
Bg4 10. Be2 {[%cal Bf1e2,Be2f3,Bf3g2,Bg2b7][%mdl 32]} Bxf3 11. Bxf3 Qe7 12. Be3
{[#]} Nd8 $146 ({Predecessor:} 12... O-O 13. O-O Bxe3 14. fxe3 Nd8 15. Rb2 Ne6
16. Nc3 c6 17. Rbf2 Rae8 18. Be2 a5 19. b5 Nc5 20. h3 Qc7 21. Qb1 Re6 22. Bd1
h6 23. Re2 {½-½ (23) Lumley,B (2419)-Asquith,J (2393) ICCF email 2020}) 13.
Bxd4 exd4 14. O-O O-O 15. g3 Nd7 16. Bg2 g5 {[%cal Bg7g5,Bg5g4][%mdl 32]} 17.
c5 Ne6 18. e5 {And now cxd6 would win.} Nxe5 19. Bxb7 Rab8 20. Bg2 g4 21. Re1
f5 {[%cal Bf7f5,Bf5f4][%mdl 32]} 22. cxd6 cxd6 23. Qb3 {[%cal Oa4c5] [#] Black
must now prevent Nc5!} Kh8 24. Qd5 f4 (24... Ng5 $5 {[%cal Re5f3]}) 25. Nc5 $1
{The position is equal.} Ng5 {[#] Hoping for ...fxg3. Pair of Knights!} 26.
Qxd4 $1 Qf6 27. Kh1 fxg3 28. fxg3 Ngf3 29. Bxf3 Qxf3+ 30. Kg1 {aiming for Nd7.}
Qf6 31. Kh1 Qf3+ 32. Kg1 {Nd7 is the strong threat.} Qf6 {( -> ...Nf3+)} 33.
Kh1 Qf3+ {Weighted Error Value: White=0.04 (flawless) /Black=0.03 (flawless)}
1/2-1/2

[Event "Airthings Masters MCCT Prel 2022"]
[Site "Online"]
[Date "2022.02.13"]
[Round "1.3"]
[White "Esipenko, Andrey"]
[Black "Mamedyarov, Shakhriyar"]
[Result "1-0"]
[WhiteElo "2714"]
[BlackElo "2767"]
[Annotator "TA"]
[PlyCount "45"]
[EventDate "2022.02.18"]
[EventType "tourn"]
[EventCountry "NET"]
[SourceTitle "playchess.com"]
[Source "ChessBase"]
[SourceQuality "1"]

{[%evp 12,45,54,37,44,0,18,7,178,178,173,158,302,292,296,308,286,281,288,284,
260,245,255,241,272,246,537,524,624,619,625,628,29988,29989,29989,29990]} 1. e4
e5 2. Nf3 d6 3. d4 exd4 4. Nxd4 Nf6 5. Nc3 g6 6. Bg5 Bg7 7. Qd2 h6 {7...0-0 is
vanishing. C41: Philidor Defence.} 8. Bh4 ({Reject} 8. Bb5+ c6 9. Bf4 (9. Bxf6
Qxf6 10. O-O-O Qxd4 $17) 9... cxb5 $17) (8. Bf4 $14) 8... O-O {[%cal Of6e4]} (
8... Nxe4 $5 9. Bxd8 Nxd2 10. Bxc7 Bxd4 11. Kxd2 Nc6 12. Bxd6 Bxf2 $11) 9.
O-O-O {[#]} Nc6 $146 {A mistake that costs the game.} (9... Re8 $11 {and Black
is okay.}) ({Predecessor:} 9... Re8 10. f3 Nxe4 11. Nxe4 Qxh4 12. Kb1 d5 13. g3
Qd8 14. Nf2 c6 15. h4 Nd7 {1-0 (25) Janaszak,D (2328)-Pein,J (2255) Chess.com
INT 2021}) 10. Nxc6 $18 bxc6 11. e5 $1 g5 (11... Ne4 $16 {was worth a try.} 12.
Bxd8 Nxd2) 12. exf6 Qxf6 13. Bg3 Rb8 14. Bc4 Be6 15. Bb3 c5 16. f4 {[%cal
Bf2f4,Bf4g5][%mdl 32]} c4 {[#]} 17. fxg5 $1 Qf5 (17... Qxg5 18. Qxg5) 18. gxh6
Bh8 {[#]} (18... Bxc3 {was called for.} 19. Qxc3 Qg5+ 20. Kb1 cxb3) 19. Rhf1 $1
{[%cal Bh1f1,Bf1f4,Bf4h4][%mdl 32]} Qa5 (19... Qg6 20. Ba4) 20. h7+ Kxh7 {[#]}
21. Rf4 $1 {aiming for Rh4+.} cxb3 (21... Bg7 22. Bxc4) 22. Rh4+ Kg8 23. Qh6 {
Weighted Error Value: White=0.06 (flawless) /Black=1.19} 1-0

[Event "Airthings Masters MCCT Prel 2022"]
[Site "Online"]
[Date "2022.02.13"]
[Round "1.4"]
[White "Nepomniachtchi, Ian"]
[Black "Aronian, Levon"]
[Result "0-1"]
[WhiteElo "2773"]
[BlackElo "2772"]
[Annotator "TA"]
[PlyCount "82"]
[EventDate "2022.02.18"]
[EventType "tourn"]
[EventCountry "NET"]
[SourceTitle "playchess.com"]
[Source "ChessBase"]
[SourceQuality "1"]

{[%evp 21,82,24,24,29,29,16,24,0,0,0,0,-3,0,0,0,0,0,0,28,0,0,0,25,-10,-4,-13,
-11,-22,-25,-21,-23,-27,-28,-59,-53,-58,-52,-149,-151,-257,-297,-285,-192,-200,
-191,-179,-122,-121,0,-193,0,-107,-96,-173,-117,-798,-812,-806,-783,-745,-715,
-29997,-29998]} 1. e4 e5 2. Nf3 Nc6 3. Bc4 Nf6 4. d3 Bc5 5. O-O O-O 6. h3 h6 7.
Re1 Re8 8. Nbd2 d6 9. c3 Be6 10. b4 Bb6 11. a4 a6 12. Bxe6 {C54: Giuoco Piano:
4 c3 Nf6, main lines with 5 d4 and 5 d3.} Rxe6 13. Nc4 d5 14. Nxb6 {White has
an edge.} (14. exd5 {looks sharper.} Qxd5 15. Be3 Bxe3 16. Nxe3 Qd8 17. Qc2)
14... cxb6 {[#]} 15. Qb3 $146 ({Predecessor:} 15. exd5 Qxd5 16. Be3 Rae8 17. b5
axb5 18. axb5 Qxb5 19. Rb1 Qd5 20. Rxb6 Rd8 21. c4 Qxd3 22. Qxd3 Rxd3 23. Rxb7
{½-½ (32) Van Foreest,L (2500)-Sokolov,I (2590) Groningen 2018}) 15... dxe4
16. dxe4 b5 17. axb5 axb5 18. Rxa8 Qxa8 19. Qc2 Qa4 20. Qe2 Rd6 21. Nh4 Ne7 (
21... Qb3 {is interesting.} 22. Nf5 Rd8 23. Qe3 Ne8 24. Kh2 Qc4) 22. Nf5 Nxf5
23. exf5 Rd5 24. Be3 Qb3 25. Rc1 $1 Qc4 26. Qf3 Kh7 27. g4 Ne4 {[%cal Bf6e4,
Be4d2,Bd2f3][%mdl 32]} 28. h4 Nd2 29. Qg3 (29. Bxd2 $15 Rxd2 30. Re1) 29... Qe4
$17 {Black is much more active.} 30. Kh2 (30. Bxd2 $17 Rxd2 31. Qg2) 30... Nf3+
$19 31. Kh3 Rd3 32. Qg2 f6 33. Ra1 Qc6 ({Not} 33... Rxc3 34. Kg3 Nd2 35. Qxe4
Nxe4+ 36. Kf3 Nd2+ 37. Ke2 $15) (33... h5 $19 34. Rc1 Kg8) 34. Rc1 $17 Qe4 (
34... Kg8 $17 35. Kg3 e4) 35. Ra1 $1 $19 Qc6 $40 {[%mdl 128] Black is up to no
good.} ({And not} 35... Rxc3 36. Kg3 Nd2 37. Qxe4 Nxe4+ 38. Kf3 Nd2+ 39. Ke2
$11) (35... h5 $19 36. Rc1 Kg8) 36. Rc1 $17 Qd5 37. Qh1 (37. g5 $17 fxg5 38.
hxg5 Nxg5+ 39. Kh2) 37... e4 (37... Qe4 $19 38. Kg3 Rxe3 39. fxe3 {[#]} Qxe3 $1
40. Qxf3 Qxc1) 38. Kg2 $2 {[%mdl 8192] [#] This move loses the game for White.}
(38. Qg2 $17) 38... Rxe3 $1 $19 {[%mdl 512]} 39. fxe3 Qd2+ 40. Kg3 Qxe3 {
( -> ...Nd4+)} 41. Qd1 Ne1+ {Weighted Error Value: White=0.56/Black=0.22 
(precise)} 0-1

[Event "Airthings Masters MCCT Prel 2022"]
[Site "Online"]
[Date "2022.02.13"]
[Round "1.5"]
[White "Kosteniuk, Alexandra"]
[Black "Duda, Jan-Krzysztof"]
[Result "0-1"]
[WhiteElo "2516"]
[BlackElo "2760"]
[Annotator "TA"]
[PlyCount "90"]
[EventDate "2022.02.18"]
[EventType "tourn"]
[EventCountry "NET"]
[SourceTitle "playchess.com"]
[Source "ChessBase"]
[SourceQuality "1"]

{[%evp 9,90,5,13,10,8,9,18,23,14,14,10,16,16,-8,-11,-14,0,-18,22,-2,19,21,32,
-25,14,14,28,0,8,8,3,0,10,0,0,0,33,16,29,10,39,0,20,0,0,-20,0,0,0,8,12,-12,-16,
-16,0,-20,-22,-35,-19,-98,-77,-84,-67,-86,-87,-231,-161,-162,-141,-290,-157,
-208,-160,-208,-205,-503,-500,-462,-488,-853,-820,-827,-816]} 1. e4 c5 2. Nf3
d6 3. Bb5+ Nd7 4. Ba4 a6 5. c4 Ngf6 6. Nc3 {B51: Sicilian: Moscow Variation (3
Bb5+) without 3...Bd7.} g6 7. O-O Bg7 8. d3 {The position is equal.} O-O 9. h3
Rb8 10. Rb1 Ne8 {[%cal Bf6e8,Be8c7,Bc7e6,Be6d4,Bd4f3][%mdl 32]} 11. Bg5 {[#]}
Nc7 $146 ({Predecessor:} 11... h6 12. Be3 Nc7 13. Qd2 Kh7 14. b4 b5 15. cxb5
axb5 16. Bc2 e5 17. Nh2 Ne6 18. bxc5 {0-1 (43) Liang,A (2575)-Lobanov,S (2535)
Manavgat 2018}) 12. Qd2 b5 13. Bc2 Nb6 14. b3 Qd7 15. Bh6 e5 16. Nh2 (16. Bxg7
$14 Kxg7 17. b4) 16... Ne6 17. Bxg7 Kxg7 18. Ne2 {[%cal Oa2a4]} (18. Ng4 f5 19.
Qh6+ (19. exf5 gxf5 20. Qh6+ Kh8 $17) 19... Kh8 $17) 18... Qe7 19. f4 ({
Don't play} 19. Ng4 f5 20. Qh6+ (20. exf5 gxf5 21. Nh2 Kh8 $17) 20... Kh8 $17)
19... exf4 20. Nxf4 Nd4 21. Nf3 Nxf3+ 22. Rxf3 Qe5 23. Ne2 Bb7 24. Rf4 Nd7 25.
Rbf1 Qe7 26. Ng3 Ne5 27. Qf2 Bc8 28. Ne2 Be6 29. Qg3 h6 30. Nc3 Qg5 31. Qe3 Rb7
32. Kh2 Nc6 33. Ne2 Qe5 34. Ng3 (34. Kg1 $11) 34... Nd4 35. Bd1 a5 {[%cal
Oa5a4]} 36. Kh1 ({Don't go for} 36. Rh4 $2 g5 37. Rh5 f5 $19) 36... a4 37. h4 (
37. Ne2 $17) 37... axb3 38. axb3 Ra8 39. Qf2 {Loses the game.} (39. Ne2 $17)
39... Ra1 {Active counter play!} (39... bxc4 $19 40. dxc4 Ra1) 40. cxb5 $17
Nxb5 41. Ne2 (41. Nf5+ $17 gxf5 42. exf5) 41... Rb1 $19 42. Bc2 $2 {[#]} (42.
Qg1 {is a better defense.}) 42... Rxf1+ {Black is clearly winning.} 43. Qxf1
Ra7 {And now ...Ra1 would win.} 44. Qf2 (44. d4 $142 Nxd4 45. Nxd4 Qxd4 46. Qd3
) 44... Ra2 45. Bd1 Nc3 {Weighted Error Value: White=0.37/Black=0.14 (very
precise)} 0-1

[Event "Airthings Masters MCCT Prel 2022"]
[Site "Online"]
[Date "2022.02.13"]
[Round "1.6"]
[White "Keymer, Vincent"]
[Black "Ding, Liren"]
[Result "0-1"]
[WhiteElo "2664"]
[BlackElo "2799"]
[Annotator "TA"]
[PlyCount "154"]
[EventDate "2022.02.18"]
[EventType "tourn"]
[EventCountry "NET"]
[SourceTitle "playchess.com"]
[Source "ChessBase"]
[SourceQuality "1"]

{[%evp 9,154,0,14,0,0,0,0,-4,0,4,14,7,16,25,8,0,2,-15,-17,-35,0,0,16,17,14,9,
16,12,13,12,33,33,26,30,42,40,46,40,48,41,38,16,21,21,16,15,19,15,15,62,89,-47,
-13,0,-2,-12,-10,-10,0,0,0,0,0,0,28,28,30,0,0,-179,42,42,42,42,42,42,42,43,49,
0,0,0,0,0,0,0,272,264,264,264,254,0,221,0,256,259,248,0,0,0,0,-8,0,0,0,-8,0,0,
0,-8,-8,-8,-8,-100,-8,-745,-715,-656,-649,-611,-591,-1314,-1306,-1275,-1257,
-1161,-299,-272,0,-766,0,-231,-46,-1182,-1125,-29982,-1166,-1162,-1063,-29966,
-29972,-29982,-29983,-29985,-29986,-29988,-29978]} 1. Nf3 d5 2. g3 Nf6 3. Bg2
c5 4. O-O e6 5. d3 Be7 6. e4 {A08: King's Indian Attack.} O-O 7. a4 Nc6 8. Qe2
{The position is equal.} dxe4 9. dxe4 e5 10. c3 {Inhibits Nd4.} h6 11. Na3 {
[%cal Bb1a3,Ba3c4,Bc4e3,Be3f5][%mdl 32] [#]} Qc7 $146 ({Predecessor:} 11... a6
12. Nc4 Qc7 13. Ne3 Be6 14. Nh4 Rfe8 15. Nd5 Bxd5 16. exd5 Na5 17. Be3 Rad8 {
1-0 (35) Rendle,T (2381)-Flear,C (2156) Hastings 2013}) 12. Nc4 b6 13. Ne3 Na5
{[%cal Bc6a5,Ba5b3,Bb3c1][%mdl 32]} (13... Nxe4 $2 14. Nd5 Qd6 15. Qxe4 $18)
14. Nf5 {[%cal Ob2b4]} Nb3 (14... Re8 {feels hotter.} 15. Be3 Be6 16. Nd2 Rad8
17. g4 Nh7) 15. Rb1 Nxc1 16. Rbxc1 Re8 17. Nd2 Bf8 18. Rfd1 Bb7 19. c4 Bc6 20.
b3 Rad8 {[%cal Od8d4]} 21. Ne3 Rd4 {[%cal Rf6e4]} 22. Nd5 Nxd5 23. cxd5 Bd7 24.
h4 Rb8 25. Nc4 a6 {[%cal Ba7a6,Ba6b5,Bb5b4,Bb4b3,Bb3b2][%mdl 32]} 26. Kh2 b5
27. axb5 axb5 28. Ne3 c4 29. bxc4 b4 30. c5 (30. Rxd4 $1 $16 exd4 31. Nd1)
30... Bxc5 31. Rxd4 $1 exd4 32. Nc4 b3 {[%cal Oc5a3] Black wants to play ...
Ba3!} 33. e5 Bf5 34. d6 Qd7 35. Nb2 {Prevents d3.} d3 36. Nxd3 Bxd3 37. Qxd3 b2
38. Rb1 Bxf2 39. Qd2 $2 (39. Bd5 $11 Qg4 40. Ba2 (40. Rf1 $2 b1=Q $19)) 39...
Bxg3+ $2 40. Kxg3 $14 Qf5 {[%csl LRb1,LRe5]} 41. Qe1 Rb3+ $1 (41... Rb5 $2 42.
Qe4 Qxe4 43. Bxe4 $18) 42. Kh2 {aiming for Qe4.} Qf4+ 43. Kh1 Re3 $1 44. Qf1 (
44. Qd1 $14 Rc3 45. d7 (45. Rxb2 $2 Rc1 $19) 45... Qxh4+ 46. Kg1) 44... Qxh4+
$11 45. Kg1 Rxe5 46. Qf2 (46. Rxb2 $2 Re1 47. Rd2 (47. Rb8+ $2 Kh7 $19) 47...
Rxf1+ $19) 46... Qd8 47. Qd4 Re6 {[%mdl 8192]} (47... Re2 $11 {and Black has
nothing to worry.} 48. d7 (48. Rxb2 Rxb2 49. Qxb2 Qxd6 $11) 48... Rc2) 48. d7
$18 (48. Rxb2 Qxd6 49. Qxd6 Rxd6 $11) 48... Rb6 49. Bh3 (49. Rxb2 Rxb2 50. Qxb2
Qxd7 $11) 49... Rg6+ 50. Bg2 Rb6 51. Bh3 (51. Rxb2 Rxb2 52. Qxb2 Qxd7 $11)
51... Rg6+ $1 52. Kf2 Rf6+ 53. Ke3 $2 ({White should play} 53. Ke2 $18 Qe7+ 54.
Qe3) 53... Qe7+ $11 54. Qe4 Qc5+ 55. Kd3 $132 {[%mdl 2048] White is fighting
back} Qb5+ 56. Ke3 Qc5+ 57. Kd3 Qb5+ 58. Ke3 Qb6+ 59. Kd3 Rd6+ 60. Ke2 {
Threatens to win with Qe8+.} Qb5+ 61. Kf2 (61. Ke1 $1 $11 g6 62. Qe3 (62. Qe8+
$2 Kg7 $19)) 61... Qc5+ (61... Rd2+ $17 62. Kg1 (62. Ke1 $2 Qa5 $19) 62... Qc5+
63. Kh1 Qc1+ 64. Qe1 Qc6+ 65. Kg1 Qc5+ 66. Kh1 Qd5+ 67. Kg1 Qd4+ 68. Kh1 Qd3)
62. Kg3 $2 {[%mdl 8192]} (62. Ke2 $11 Qb5+ 63. Ke1 (63. Kf2 $2 Rd2+ 64. Kg1
Qc5+ 65. Kh1 Qc1+ 66. Qe1 Qc6+ 67. Kg1 Qc5+ 68. Kf1 Qb5+ 69. Kg1 Qg5+ 70. Kh1
Qd5+ 71. Kg1 Qd4+ 72. Kh1 Qd3 $19)) 62... Qc3+ $19 63. Qf3 Qe5+ 64. Kg2 Rd2+
65. Kg1 Qc5+ 66. Kh1 Qc1+ 67. Qf1 Qc6+ $2 (67... Qc7 {[%csl Gd2][%cal Rc7h2]}
68. Bg2 Qxd7) 68. Qg2 {[#]} Qc1+ $2 (68... Qc3 $1 $19 {[%cal Rc3c1]} 69. Rg1 (
69. Qa8+ $2 Kh7 $19) 69... g5) 69. Qg1 $2 {[%mdl 8192]} (69. Qf1 $11 Qc7 70.
Bg2 Qxd7 71. Qf4) 69... Qc6+ $2 (69... Qc7 {[%cal Of7f5] White must now
prevent ...f5!} 70. Re1 Qb7+ 71. Bg2 Qxd7) 70. Qg2 $1 {[#]} Qd6 $2 {The board
is on fire.} (70... Qc3 $1 $19 {[%cal Rc3c1] And now ...Qc1+ would win.} 71.
Rg1 (71. Qa8+ $2 Kh7 $19) 71... g5) 71. Qa8+ $2 {[%mdl 8192]} (71. Rxb2 $15
Rd1+ 72. Qg1 Qd5+ 73. Kh2 Qe5+ 74. Kh1 Qd5+ 75. Kh2 Qe5+ 76. Kh1 Qd5+) 71...
Kh7 {[%csl Gd2][%cal Rd6h2]} 72. Bg2 Qxd7 (72... Rd1+ $142 73. Bf1 Rxb1 74. Qf3
Rd1 75. Qf5+ Kg8 76. Qb5 b1=Q 77. d8=Q+ Qxd8 78. Qxb1 Rxb1 79. Kg2 Qd2+ 80. Kf3
Rxf1+ 81. Kg3 Qe3+ 82. Kh4 g5+ 83. Kh5 Qh3#) 73. Qe4+ g6 {( -> ...Rd1+)} 74.
Kh2 Qd6+ {Black mates.} 75. Kh3 Rd4 76. Qe2 Qf4 {[%csl Gd4][%cal Rf4h4]} 77.
Bf3 Rd2 {Quite a comeback for Black.  Weighted Error Value: White=0.27 
(precise) /Black=0.17 (very precise)} 0-1

[Event "Airthings Masters MCCT Prel 2022"]
[Site "Online"]
[Date "2022.02.13"]
[Round "1.7"]
[White "Niemann, Hans Moke"]
[Black "Hansen, Eric"]
[Result "0-1"]
[WhiteElo "2642"]
[BlackElo "2606"]
[Annotator "TA"]
[PlyCount "116"]
[EventDate "2022.02.18"]
[EventType "tourn"]
[EventCountry "NET"]
[SourceTitle "playchess.com"]
[Source "ChessBase"]
[SourceQuality "1"]

{[%evp 9,116,24,42,31,42,31,60,7,21,-17,-14,-45,-39,-43,-35,-33,-19,-73,-74,
-81,-86,-88,-103,-93,-61,-118,-86,-89,-73,-78,-73,-73,-20,-29,-5,-14,0,0,10,0,
0,0,0,0,0,0,0,0,192,189,190,197,201,93,68,0,0,-57,-90,-77,84,74,83,60,148,139,
214,214,207,182,168,143,143,-8,-8,-567,-543,-991,223,0,0,-387,0,0,0,0,0,0,0,0,
10,10,10,-29975,-29976,-29981,-29982,-29982,-29983,-29982,-29979,-29979,-29980,
-29980,-29981,-29981,-29981,-29983,-29983]} 1. c4 Nf6 2. Nf3 g6 3. Nc3 d5 4.
cxd5 Nxd5 5. h4 h6 6. e4 {A16: English Opening: 1...Nf6 with ...d5.} Nxc3 7.
bxc3 Bg7 8. Bc4 (8. Rb1 $14) 8... c5 9. Qb3 O-O 10. Ba3 Qc7 {[#]} 11. Be2 $146
({Predecessor:} 11. Rb1 Nc6 12. Bd5 e6 13. Bxc6 Qxc6 14. d3 b6 15. c4 Bb7 16.
Bb2 f6 17. Ng1 {½-½ (61) Rapoport,V (2253)-Schreyer,A (1825) Offenbach 2005})
11... b6 12. d4 Nc6 {[%cal Rc5d4]} 13. d5 (13. Qc2 $11 {keeps the balance.})
13... Na5 $17 14. Qc2 e6 15. O-O exd5 16. exd5 Bf5 17. Qd2 (17. Bd3 $1 $15)
17... Rfe8 18. Rfe1 Re4 {Black is much more active.} 19. Bd3 Ra4 20. Bxf5 Nc4 (
20... gxf5 $17 21. Bc1 Re4) 21. Qd3 $11 gxf5 22. Bc1 Qd7 23. Bf4 Rd8 24. g3 Nb2
25. Qd2 {[%csl LRb2,LRh6]} Nc4 26. Qc2 Ra3 27. Rad1 Bxc3 (27... Rxc3 $5 28. Qe2
b5 $11) 28. Re2 Qa4 $2 (28... Bf6 $11 {and Black has nothing to worry.} 29.
Qxc4 Rc3) 29. Qxa4 $1 $18 Rxa4 30. d6 $1 {And now d7 would win.} Nb2 {[#]} 31.
Rd5 (31. d7 $1 $18 {[%mdl 512] and White stays clearly on top.} Re4 32. Rxe4
fxe4 33. Bc7 $1 {[%mdl 512]} (33. Rc1 $2 Bg7 $19) 33... Rxd7 34. Rxd7 exf3 35.
Bf4) 31... Re4 $16 {Prevents Re8+.} 32. Rxe4 (32. Rc2 $14 Bf6 33. Bxh6) 32...
fxe4 $11 33. d7 exf3 $15 34. Bc7 {[#]} Rxd7 35. Rxd7 $17 {[%mdl 4096] Endgame
KRB-KBN} Bd4 36. Bf4 Nd1 (36... Kg7 $1 $14) 37. Kf1 $16 (37. Rxa7 Nxf2 38. Ra8+
Kh7 $17) 37... a5 (37... h5 $16 {was called for.} 38. Rd5 (38. Rxa7 Nxf2 39.
Ra8+ Kh7 $11) 38... Nc3 39. Rxh5 Nxa2) 38. Bxh6 $18 b5 39. Be3 Bxe3 40. Rd8+ (
40. Rxd1 Bd4 $16) 40... Kg7 41. fxe3 $16 {KR-KN} (41. Rxd1 $16 Bd4 42. Rd3)
41... Nc3 $1 $11 42. Ra8 $2 {[%mdl 8192]} (42. Rc8 $1 $11 {and White is okay.}
b4 43. g4 (43. Rxc5 a4 $11)) 42... a4 $19 43. Ra5 f5 {[%mdl 8192]} (43... b4
$19 {and all is fine. ...b3 is the strong threat.} 44. Rxc5 Nxa2) 44. Kf2 $2 ({
White must play} 44. a3 $1 $18 {Strongly threatening Ra7+.} Kg6 45. Ra6+ Kh5
46. Rf6) 44... b4 $1 $11 45. Kxf3 $2 {[%mdl 8192]} (45. Ra7+ $1 $11 Kg6 46.
Kxf3 Nxa2 47. e4 (47. Rxa4 $2 b3 $19)) 45... b3 $2 (45... Nxa2 $19 {Threatens
to win with ...b3.} 46. Ra7+ (46. Rxc5 $2 b3 $19) 46... Kf8) 46. axb3 ({
Wrong is} 46. Rxc5 $2 bxa2 $1 47. Rxc3 a1=Q $19) 46... axb3 {White must now
prevent ...b2.} 47. Ra7+ Kf6 48. Rb7 c4 49. Rb6+ Kf7 50. h5 Kg7 51. Kf2 $2 {
[%mdl 8192] [#]} (51. e4 $11 Nxe4 52. Ke3) 51... b2 $1 {[%mdl 64] Decoy. Black
mates.} 52. Rxb2 Nd1+ 53. Ke2 Nxb2 54. Kd2 Nd3 55. Kc3 Ne5 56. Kd4 {[#]} Kh6 $1
57. e4 {[#]} fxe4 $1 58. g4 (58. Kxe4 Kxh5) 58... Nxg4 {Both players deserved
the win here.  Weighted Error Value: White=0.62/Black=0.33} 0-1

[Event "Airthings Masters MCCT Prel 2022"]
[Site "Online"]
[Date "2022.02.13"]
[Round "1.8"]
[White "Praggnanandhaa R"]
[Black "Le, Quang Liem"]
[Result "1/2-1/2"]
[WhiteElo "2612"]
[BlackElo "2709"]
[Annotator "TA"]
[PlyCount "69"]
[EventDate "2022.02.18"]
[EventType "tourn"]
[EventCountry "NET"]
[SourceTitle "playchess.com"]
[Source "ChessBase"]
[SourceQuality "1"]

{[%evp 12,69,20,0,19,17,18,-5,-9,-2,0,8,10,10,12,2,16,-1,28,20,28,18,16,12,28,
8,12,2,6,6,20,0,0,11,15,14,8,-13,-15,-20,-17,-18,-10,-18,-14,-22,-2,-4,-2,-2,0,
0,0,0,0,0,0,0,0,0]} 1. e4 e5 2. Nf3 Nc6 3. Bc4 Nf6 4. d3 Be7 5. O-O O-O 6. Nc3
d6 7. a3 $1 {[%mdl 4] is more profitable than 7.h3 at the moment.} Be6 {
C55: Two Knights: 4 d3, 4 d4 exd4 5 e5 and Max Lange Attack.} 8. Nd5 Nd4 {[#]}
9. Ng5 $146 {[%cal Bf3g5,Bg5e4,Be4d2][%mdl 32]} ({Predecessor:} 9. Nxd4 exd4
10. Nxf6+ Bxf6 11. Bxe6 fxe6 12. Qg4 e5 13. f4 exf4 14. Bxf4 Qe7 15. Rf3 {
½-½ (56) Nielsen,P (2645)-Smith,A (2506) Sweden 2017}) 9... Bxd5 10. exd5 Nd7
11. Ne4 f5 12. Nd2 {[#] Hoping for c3.} f4 {[%cal Of4f3]} 13. c3 Nf5 14. Re1
Kh8 15. Nf3 (15. Bb3 {looks sharper.} a5 16. Nf3 Nh4 17. d4 g6 18. Bd2) 15...
Nh4 16. d4 Nxf3+ 17. Qxf3 Bf6 18. Bd3 {[#] Black must now prevent Qh3.} g6 {
The position is equal.} 19. Re4 Bg7 20. Bd2 Qg5 21. Rae1 Nf6 {[%csl LRd5,LRe4]}
22. R4e2 {[%cal Rd4e5]} exd4 23. cxd4 Qxd5 24. Qxd5 ({Don't play} 24. Bxf4 Qxf3
25. gxf3 Nd5 $15) 24... Nxd5 25. Be4 c6 26. Bxd5 cxd5 27. Re7 Bxd4 28. Rxb7
Rab8 (28... Be5 {is more complex.} 29. b4 Kg8 30. Rc7 Rf7 31. Rc6 f3) 29. Rxb8
Rxb8 $11 {[%mdl 4096] Endgame KRB-KRB} 30. b4 Be5 31. Rc1 {Inhibits Rc8.} Bb2
32. Rb1 Be5 (32... Bxa3 $2 33. Rb3 $18) 33. Rc1 {To avoid Rc8} Bb2 34. Rb1 Be5
(34... Bxa3 $2 35. Rb3 $18) 35. Rc1 {Inhibits Rc8. An interesting draw. 
Weighted Error Value: White=0.05 (flawless) /Black=0.04 (flawless)} 1/2-1/2